Advenimiento de la informática en los sistemas contables. Una realidad innegable (Registro nro. 16917)
[ vista simple ]
| 000 -LEADER | |
|---|---|
| fixed length control field | 00560 a2200181 4500 |
| 001 - CONTROL NUMBER | |
| control field | ART_7691 |
| 005 - DATE AND TIME OF LATEST TRANSACTION | |
| control field | 20260410161720.0 |
| 008 - FIXED-LENGTH DATA ELEMENTS--GENERAL INFORMATION | |
| fixed length control field | 260409a |
| 100 1# - MAIN ENTRY--PERSONAL NAME | |
| Personal name | Mileti, Mabel |
| 245 10 - TITLE STATEMENT | |
| Title | Advenimiento de la informática en los sistemas contables. Una realidad innegable |
| 700 1# - ADDED ENTRY--PERSONAL NAME | |
| Personal name | Aquel, Sandra |
| 700 1# - ADDED ENTRY--PERSONAL NAME | |
| Personal name | Berri, Ana María |
| 700 1# - ADDED ENTRY--PERSONAL NAME | |
| Personal name | Díaz, Daniel |
| 700 1# - ADDED ENTRY--PERSONAL NAME | |
| Personal name | Doffo, Luis |
| 700 1# - ADDED ENTRY--PERSONAL NAME | |
| Personal name | Ingrassia, Ramiro |
| 700 1# - ADDED ENTRY--PERSONAL NAME | |
| Personal name | Marchese, Alicia G. |
| 773 0# - HOST ITEM ENTRY | |
| Title | Contabilidad y auditoría |
| Related parts | - Año 15, Nº 29 (jun. 2009) |
| Record control number | REV1723 |
No hay ítems disponibles.